000 00326pam a2200157a 44500
008 230515b1987 xxu||||| |||| 00| 0 eng d
020 _aNULL
041 _aENGLISH
082 _a630
100 _a31-Dec-87
245 _aBIS HANDBOOK 1988
250 _a0
260 _aDELHI
_bISI
_c1987
300 _a43
650 _aNULL
999 _c652177
_d652177